Wogoh Men Masr : (Record no. 6353)
[ view plain ]
| 000 -LEADER | |
|---|---|
| fixed length control field | 00719nac a22002171u 4500 |
| 082 ## - DEWEY DECIMAL CLASSIFICATION NUMBER | |
| Classification number | 757.6 |
| Item number | ALR |
| 090 ## - LOCALLY ASSIGNED LC-TYPE CALL NUMBER (OCLC); LOCAL CALL NUMBER (OCLC) | |
| -- | 6353 |
| -- | 6353 |
| 100 ## - MAIN ENTRY--PERSONAL NAME | |
| Personal name | Al Razaz,Moustafa |
| 110 ## - MAIN ENTRY--CORPORATE NAME | |
| Corporate name or jurisdiction name as entry element | Al Dar Al MAsreya Lel taelef Wa Al Targama |
| 245 ## - TITLE STATEMENT | |
| Title | Wogoh Men Masr : |
| Statement of responsibility, etc | Moustafa Al Razaz ; Ahmed Abd El Ghaney |
| 260 ## - PUBLICATION, DISTRIBUTION, ETC. (IMPRINT) | |
| Place of publication, distribution, etc | Alexandria : |
| Name of publisher, distributor, etc | MAktabet Al Eskandareya,2004. |
| Date of publication, distribution, etc | c2004. |
| 300 ## - PHYSICAL DESCRIPTION | |
| Extent | 103 p.; |
| Dimensions | 24 cm. |
| Other physical details | Ill. [some col.] ; |
| 440 ## - | |
| -- | Derasat Tashkeleya |
| -- | 4; |
| 500 ## - GENERAL NOTE | |
| General note | Distributer :Alef Baa |
| 500 ## - GENERAL NOTE | |
| General note | Arabic Books |
| 511 ## - PARTICIPANT OR PERFORMER NOTE | |
| Participant or performer note | Catalogued by: Sara |
| 650 ## - SUBJECT ADDED ENTRY--TOPICAL TERM | |
| Topical term or geographic name as entry element | Sowar Al Shkhas |
| 650 ## - SUBJECT ADDED ENTRY--TOPICAL TERM | |
| Topical term or geographic name as entry element | Al Fenoon Al Tashkeleya |
| 700 ## - ADDED ENTRY--PERSONAL NAME | |
| Personal name | El Ghaney,Ahmed Abd |
| 942 ## - ADDED ENTRY ELEMENTS (KOHA) | |
| Item type | Book - Borrowing |
| Call number prefix | 757.6 ALR |
| Withdrawn status | Item status | Source of classification or shelving scheme | Damaged status | Not for loan | Home library | Current library | Shelving location | Date acquired | Source of acquisition | Total Checkouts | Full call number | Barcode | Date last seen | Koha item type |
|---|---|---|---|---|---|---|---|---|---|---|---|---|---|---|
| Dewey Decimal Classification | Central Library | Central Library | Second Floor | 21/11/2007 | Purchase | 757.6 ALR | 000007910 | 15/07/2025 | Book - Borrowing |